| 000 | 01223cam a22001935a 4500 | ||
|---|---|---|---|
| 001 | L155278 | ||
| 008 | 120314s1734 xxk f 000 0 eng d | ||
| 035 | _a(Sirsi) u155278 | ||
| 041 | 0 | _aeng | |
| 100 | 1 |
_aBailey, N. _q(Nathan) _dd. 1742 |
|
| 245 | 0 | 4 |
_aThe antiquities of London and Westminster _bBeing an account of whatsoever is ancient, curious, or remarkable, as to palaces, towers, castles, Walls, Gates, Bridges, Monasteries, Priories, Sanctuaries, Nunneries, Religious Houses, Cathedrals, Churches, Chapels, Colleges, Inns of Court, Hospitals, Schools, and other Magnificent Buildings, as Exchanges, Halls, Crosses, Markets, Gaols, and all Publick Edifices. Also Rivers, Brooks, Bourns, Springs, &c. And many other curious Matters in Antiquity, whereby will plainly appear the Difference between the Ancient and Present State of these two Famous Cities. By N. Bailey, Author of the Universal, Etymological, English Dictionary |
| 250 | _aThe third edition | ||
| 260 |
_aLondon _bprinted for A. Bettesworth and C. Hitch _c1734 |
||
| 300 |
_a[6], 244 p., plate _c12o |
||
| 583 |
_aCondition reviewed _c20120620 _lcondition level 1 |
||
| 651 | 4 |
_aGreat Britain _y1707- |
|
| 690 |
_aInfrastructure _96246 |
||
| 942 | _n0 | ||
| 999 |
_c113447 _d113447 |
||